Cultura Geral - Statistics

Estatísticas Gerais
  • Esse quiz foi jogado 164 vezes
  • A pontuação média é 13 de 15
Estatísticas das Respostas
Questão Resposta % Correto
Em que continente se situa o Luxemburgo Europa
100%
Qual destes instrumentos é de sopro? Flauta
100%
Qual destes elementos se movimenta mais rápido? Luz
100%
Como se chamam as pessoas que estudam a pré-história e a história através da análise de vestígios encontrados através de escavações? Arqueólogos
96%
O que é que se atira aos noivos á saída do casamento? Arroz
96%
O que é ao mesmo tempo um planeta e um elemento químico? Mercúrio
96%
Qual dos seguintes acessórios é usados para tocar guitarra Palheta
92%
Que no se dá a qualquer medicamento, dispositivo ou técnica que evita a gravidez? Contraceptivo
88%
Que entidade organiza o Campeonato do Mundo de Futebol? FIFA
88%
Em que cidade fica o estádio do Bayner? Munique
88%
Em que país se encontra a cidade de Frankfurt? Alemanha
83%
Qual dos seguintes museus é um dos museus de arte americana mais importante? Metropolitan Museum of Art
83%
Qual é o clube de futebol com mais Taças dos Campeões Europeus? Real Madrid
83%
Em economia, qual é o meio pelo qual é possível adquirir bens ou serviços sem pagamento imediato, normalmente através do pagamento de juros? Crédito
75%
Em que país se encontra a cidade de Bradford? Reino Unido
75%
Nenhum quiz correspondente encontrado
Distribuição das Pontuações
Porcentagem de Pessoas com Cada Pontuação
Percentil de Números Respondidos
Sua Pontuação Histórica
Você não jogou esse quiz